[Event "Nago Torbole op-A"]
[Site "Nago Torbole"]
[Date "2010.12.29"]
[Round "7"]
[White "De Vita, Cesare Igor"]
[Black "Gehrke, Rolf"]
[Result "1/2-1/2"]
[WhiteElo "2078"]
[BlackElo "2084"]
[PlyCount "38"]
[EventDate "2010.12.26"]
[EventType "swiss"]
[EventRounds "7"]
[EventCountry "ITA"]
[SourceTitle "EXT 2024"]
[Source "ChessBase"]
[SourceDate "2023.10.10"]
[SourceVersion "1"]
[SourceVersionDate "2023.10.10"]
[SourceQuality "1"]

1. c4 Nf6 2. g3 g6 3. Bg2 Bg7 4. Nc3 0-0 5. e4 c5 6. d3 Nc6 7. Nge2 d6 8. 0-0 Ne8 9. Bg5 Nc7 10. Qd2 Ne6 11. Bh6 Ned4 12. Bxg7 Kxg7 13. Nxd4 Nxd4 14. Ne2 Nxe2+ 15. Qxe2 e5 16. f4 f6 17. Rf2 Rb8 18. Raf1 b6 19. b3 Bd7 1/2-1/2

[Event "Nago Torbole op-A"]
[Site "Nago Torbole"]
[Date "2010.12.27"]
[Round "4"]
[White "Troidl, Thomas"]
[Black "De Vita, Cesare Igor"]
[Result "0-1"]
[WhiteElo "1915"]
[BlackElo "2078"]
[PlyCount "108"]
[EventDate "2010.12.26"]
[EventType "swiss"]
[EventRounds "7"]
[EventCountry "ITA"]
[SourceTitle "EXT 2024"]
[Source "ChessBase"]
[SourceDate "2023.10.10"]
[SourceVersion "1"]
[SourceVersionDate "2023.10.10"]
[SourceQuality "1"]

1. e4 Nf6 2. Nc3 d5 3. exd5 Nxd5 4. Bc4 Nb6 5. Bb3 Nc6 6. Nf3 Bf5 7. d4 e6 8. Be3 Be7 9. 0-0 0-0 10. Ne5 Nd5 11. g4 Bg6 12. Nxg6 fxg6 13. a3 Kh8 14. Ne4 Nf4 15. c3 Qd7 16. f3 Rad8 17. Bxf4 Rxf4 18. Qd2 e5 19. d5 Na5 20. Ba2 b6 21. Rae1 Nb7 22. Ng3 Bd6 23. Ne4 Be7 24. Qg2 Rdf8 25. Nd2 Bd6 26. Ne4 Qe7 27. b4 Nd8 28. Re3 Nf7 29. Ng3 Qg5 30. Ne2 Rxg4 31. fxg4 Qxe3+ 32. Kh1 Qg5 33. c4 Qe7 34. Ng3 Ng5 35. h4 Rxf1+ 36. Nxf1 Nf7 37. g5 e4 38. Bb1 e3 39. Be4 Bf4 40. Bd3 h6 41. gxh6 Ne5 42. hxg7+ Kxg7 43. Be2 Qxh4+ 44. Kg1 Nf7 45. Qf3 Ng5 46. Qg4 Qxg4+ 47. Bxg4 Kf6 48. Kg2 Ke5 49. Nh2 Bxh2 50. Kxh2 Kd4 51. Be2 Ne4 52. Kg2 Nc3 53. Kf3 Nxe2 54. Kxe2 Kxc4 0-1

[Event "Imperia op-A 47th"]
[Site "Imperia"]
[Date "2005.09.03"]
[Round "8"]
[White "De Vita, Cesare Igor"]
[Black "Malano, Francesco"]
[Result "0-1"]
[WhiteElo "2157"]
[BlackElo "2034"]
[PlyCount "104"]
[EventDate "2005.08.28"]
[EventType "swiss"]
[EventRounds "9"]
[EventCountry "ITA"]
[SourceTitle "EXT 2022"]
[Source "ChessBase"]
[SourceDate "2021.10.06"]
[SourceVersion "1"]
[SourceVersionDate "2021.10.06"]
[SourceQuality "1"]

1. d4 d6 2. g3 e5 3. c3 c6 4. Bg2 Nf6 5. a4 Be7 6. Na3 exd4 7. Qxd4 d5 8. Bf4 Qb6 9. Qd2 0-0 10. f3 Bc5 11. a5 Qb3 12. Qc2 Qxc2 13. Nxc2 Bf5 14. Be3 Bxe3 15. Nxe3 Bg6 16. Nh3 h6 17. Nf4 Bh7 18. h4 a6 19. Kf2 Nbd7 20. Bh3 Rfe8 21. Bf5 Re7 22. g4 g6 23. Bxd7 Nxd7 24. g5 Rae8 25. Ng4 h5 26. Nh2 f5 27. Ra4 Kg7 28. Rd1 Bg8 29. Rd2 Ne5 30. b3 Be6 31. Nf1 Kf7 32. Ne3 Bd7 33. Nd1 Rc8 34. Raa2 Be6 35. Ra1 Rd7 36. Nb2 Re7 37. Na4 Rce8 38. Nc5 Bc8 39. Ra4 Kg7 40. Rb4 Kf7 41. Rb6 Rc7 42. Rd4 Ree7 43. Nfd3 Nxd3+ 44. Nxd3 Ke6 45. f4 Kd6 46. Ne5 Rxe5 47. fxe5+ Kxe5 48. Ke3 c5 49. Rxg6 f4+ 50. Rxf4 d4+ 51. cxd4+ cxd4+ 52. Rxd4 Bf5 0-1

[Event "Cesenatico op 9th"]
[Site "Cesenatico"]
[Date "2004.09.10"]
[Round "7"]
[White "Elbert, Gebhard"]
[Black "De Vita, Cesare Igor"]
[Result "0-1"]
[WhiteElo "2000"]
[BlackElo "2156"]
[PlyCount "41"]
[EventDate "2004.09.04"]
[EventType "swiss"]
[EventRounds "9"]
[EventCountry "ITA"]
[SourceTitle "EXT 2007"]
[Source "ChessBase"]
[SourceDate "2006.11.23"]
[SourceVersion "1"]
[SourceVersionDate "2006.11.23"]
[SourceQuality "1"]

1. d4 f5 2. Bg5 h6 3. Bh4 g5 4. e4 Nf6 5. e5 Kf7 6. exf6 gxh4 7. Bc4+ d5 8. Qh5+ Kxf6 9. Nf3 dxc4 10. Qxh4+ Kg7 11. Qh5 Nc6 12. Nc3 e6 13. h4 Bd7 14. Ne5 Be8 15. Qf3 Qxd4 16. Qg3+ Kh7 17. Nf3 Qg7 18. Qf4 Bg6 19. Qxc4 Ne5 20. Qxe6 Nxf3+ 21. gxf3 0-1

[Event "Bratto op 24th"]
[Site "Bratto"]
[Date "2004.08.25"]
[Round "6"]
[White "De Vita, Cesare Igor"]
[Black "Ceccarini, Marco"]
[Result "1-0"]
[WhiteElo "2156"]
[BlackElo "2091"]
[PlyCount "72"]
[EventDate "2004.08.20"]
[EventType "swiss"]
[EventRounds "9"]
[EventCountry "ITA"]
[SourceTitle "CBM 101 Extra"]
[Source "ChessBase"]
[SourceDate "2004.09.01"]
[SourceVersion "2"]
[SourceVersionDate "2004.09.01"]
[SourceQuality "1"]

1. d4 d5 2. c4 e6 3. Nc3 Nf6 4. cxd5 exd5 5. Bg5 Be7 6. e3 c6 7. Qc2 0-0 8. Bd3 h6 9. Bh4 Re8 10. Nge2 Ne4 11. Bxe7 Qxe7 12. Nf4 Nxc3 13. bxc3 Nd7 14. 0-0 Nf8 15. Rae1 Ne6 16. Nh5 Ng5 17. f3 c5 18. Qf2 Bd7 19. h4 Nh7 20. Qg3 g6 21. e4 Kh8 22. exd5 Qf8 23. Qc7 Rxe1 24. Rxe1 Re8 25. Re5 cxd4 26. cxd4 Ba4 27. Nf4 g5 28. Nh5 gxh4 29. Bxh7 Rc8 30. Qa5 Rc1+ 31. Kh2 f6 32. Re6 Qb8+ 33. d6 Bd7 34. Rxf6 Kxh7 35. Rf7+ Kg8 36. Rxd7 Qf8 1-0

[Event "Bratto op 24th"]
[Site "Bratto"]
[Date "2004.08.21"]
[Round "2"]
[White "De Vita, Cesare Igor"]
[Black "Radice, Luca"]
[Result "1/2-1/2"]
[WhiteElo "2156"]
[BlackElo "2085"]
[PlyCount "57"]
[EventDate "2004.08.20"]
[EventType "swiss"]
[EventRounds "9"]
[EventCountry "ITA"]
[SourceTitle "CBM 101 Extra"]
[Source "ChessBase"]
[SourceDate "2004.09.01"]
[SourceVersion "2"]
[SourceVersionDate "2004.09.01"]
[SourceQuality "1"]

1. d4 d5 2. Nf3 Nf6 3. c4 e6 4. Nc3 Be7 5. Bg5 h6 6. Bh4 0-0 7. e3 Ne4 8. Bxe7 Qxe7 9. cxd5 Nxc3 10. bxc3 exd5 11. Qc2 c5 12. Bd3 Nc6 13. 0-0 Bg4 14. Bf5 Bxf3 15. gxf3 g6 16. Bh3 b5 17. Rab1 Rab8 18. a4 a6 19. f4 Na5 20. Bg2 Rfd8 21. Qa2 Nc4 22. Rfd1 bxa4 23. Rxb8 Rxb8 24. Bxd5 Nd6 25. Rb1 Rxb1+ 26. Qxb1 Nf5 27. Qb6 Kg7 28. e4 Qh4 29. exf5 1/2-1/2

[Event "Genova Ducale op"]
[Site "Genova"]
[Date "2003.09.24"]
[Round "4"]
[White "De Vita, Cesare Igor"]
[Black "Pesco, Giuseppe"]
[Result "1-0"]
[WhiteElo "2158"]
[BlackElo "1767"]
[PlyCount "91"]
[EventDate "2003.09.??"]
[EventType "swiss"]
[EventRounds "9"]
[EventCountry "ITA"]
[SourceTitle "EXT 2005"]
[Source "ChessBase"]
[SourceDate "2004.11.15"]
[SourceVersion "1"]
[SourceVersionDate "2004.11.15"]
[SourceQuality "1"]

1. d4 Nf6 2. c4 g6 3. Nc3 Bg7 4. e4 d6 5. Be2 Nbd7 6. Bg5 c6 7. Qd2 h6 8. Be3 a6 9. a4 b6 10. f4 e5 11. fxe5 dxe5 12. dxe5 Ng8 13. Nf3 Ne7 14. Rd1 Qc7 15. Qd6 Bxe5 16. Nxe5 Qxd6 17. Rxd6 Nxe5 18. Bd4 f6 19. Rxf6 Nd7 20. Rxc6 Nxc6 21. Bxh8 Nc5 22. Bg7 h5 23. 0-0 Ne6 24. Bf6 Ncd4 25. Bxd4 Nxd4 26. Rd1 Nxe2+ 27. Nxe2 Bg4 28. Kf2 Ke7 29. Ke3 Rc8 30. Rd4 Bxe2 31. Kxe2 Rc5 32. b3 Ke6 33. h4 Rc8 34. Rd5 Rf8 35. g3 Rc8 36. Ke3 Rf8 37. Rg5 Kf7 38. Kd4 Rd8+ 39. Rd5 Rb8 40. Rd6 Rb7 41. Kd5 Rb8 42. e5 b5 43. axb5 axb5 44. c5 Ra8 45. c6 Ra3 46. c7 1-0

[Event "Genova Ducale op"]
[Site "Genova"]
[Date "2003.09.23"]
[Round "3"]
[White "De Vita, Cesare Igor"]
[Black "Fornaro, Alberto"]
[Result "1/2-1/2"]
[WhiteElo "2158"]
[BlackElo "2000"]
[PlyCount "47"]
[EventDate "2003.09.??"]
[EventType "swiss"]
[EventRounds "9"]
[EventCountry "ITA"]
[SourceTitle "EXT 2005"]
[Source "ChessBase"]
[SourceDate "2004.11.15"]
[SourceVersion "1"]
[SourceVersionDate "2004.11.15"]
[SourceQuality "1"]

1. d4 f5 2. Nc3 e6 3. e4 fxe4 4. Nxe4 Nf6 5. Bg5 Be7 6. Bxf6 Bxf6 7. Nf3 b6 8. Bd3 Nc6 9. c3 Bb7 10. Qc2 Qe7 11. 0-0-0 0-0-0 12. Rhe1 Qf7 13. Kb1 h6 14. h4 Rhf8 15. Ned2 g5 16. hxg5 hxg5 17. Rh1 Rh8 18. g4 Be7 19. Be4 Qf4 20. Rhg1 Rdf8 21. b4 Rh3 22. b5 Na5 23. Bxb7+ Kxb7 24. Ne5 1/2-1/2

[Event "Seefeld op 14th"]
[Site "Seefeld"]
[Date "2003.09.17"]
[Round "5"]
[White "De Vita, Cesare Igor"]
[Black "Mauracher, Dieter"]
[Result "1/2-1/2"]
[WhiteElo "2158"]
[BlackElo "1984"]
[PlyCount "25"]
[EventDate "2003.09.13"]
[EventType "swiss"]
[EventRounds "9"]
[EventCountry "AUT"]
[SourceTitle "CBM 097 Extra"]
[Source "ChessBase"]
[SourceDate "2004.01.13"]
[SourceVersion "1"]
[SourceVersionDate "2004.01.13"]
[SourceQuality "1"]

1. d4 f5 2. g3 Nf6 3. Bg2 g6 4. c4 Bg7 5. Nf3 0-0 6. Nc3 d6 7. 0-0 c6 8. Rb1 Bd7 9. b4 Na6 10. Qb3 Nc7 11. Bf4 h6 12. h4 Kh7 13. d5 1/2-1/2

[Event "Seefeld op 14th"]
[Site "Seefeld"]
[Date "2003.09.15"]
[Round "3"]
[White "Ruprich, Udo"]
[Black "De Vita, Cesare Igor"]
[Result "1-0"]
[WhiteElo "1994"]
[BlackElo "2158"]
[PlyCount "77"]
[EventDate "2003.09.13"]
[EventType "swiss"]
[EventRounds "9"]
[EventCountry "AUT"]
[SourceTitle "CBM 097 Extra"]
[Source "ChessBase"]
[SourceDate "2004.01.13"]
[SourceVersion "1"]
[SourceVersionDate "2004.01.13"]
[SourceQuality "1"]

1. e4 c6 2. d4 d5 3. Nc3 dxe4 4. Nxe4 Bf5 5. Ng3 Bg6 6. Nf3 Nd7 7. h4 h6 8. h5 Bh7 9. c3 e6 10. Bd3 Bxd3 11. Qxd3 Qc7 12. Qe2 Ngf6 13. Rh4 0-0-0 14. Bf4 Bd6 15. Bxd6 Qxd6 16. Ne5 Rhf8 17. a4 Qd5 18. Kf1 Nxe5 19. dxe5 Nd7 20. Re4 f5 21. exf6 Rxf6 22. Rd1 Qa2 23. Red4 e5 24. Rg4 Qf7 25. Ne4 Qxh5 26. f3 Qxg4 27. Nxf6 Qxa4 28. Ne4 Nf6 29. Rxd8+ Kxd8 30. Nc5 Qb5 31. Ne6+ Kc8 32. c4 Qb3 33. Kg1 Qb4 34. c5 Kd7 35. Qxe5 Ne8 36. Nf8+ Kd8 37. Ng6 Nf6 38. Qb8+ Kd7 39. Qd6+ 1-0

[Event "Seefeld op 14th"]
[Site "Seefeld"]
[Date "2003.09.13"]
[Round "1"]
[White "De Vita, Cesare Igor"]
[Black "Duric, Rajko"]
[Result "1-0"]
[WhiteElo "2158"]
[BlackElo "1696"]
[PlyCount "39"]
[EventDate "2003.09.13"]
[EventType "swiss"]
[EventRounds "9"]
[EventCountry "AUT"]
[SourceTitle "CBM 097 Extra"]
[Source "ChessBase"]
[SourceDate "2004.01.13"]
[SourceVersion "1"]
[SourceVersionDate "2004.01.13"]
[SourceQuality "1"]

1. Nf3 Nf6 2. b4 Nc6 3. b5 Na5 4. e3 c6 5. a4 cxb5 6. axb5 b6 7. Be2 Bb7 8. 0-0 Qc7 9. Bb2 Ng4 10. g3 Rc8 11. Bc3 Bxf3 12. Bxf3 Ne5 13. Bg2 f6 14. f4 Nf7 15. f5 h5 16. Rf4 Nd6 17. Qf1 Qc5 18. Na3 Nf7 19. Bxa5 bxa5 20. Rc4 1-0

[Event "Imperia op-A 45th"]
[Site "Imperia"]
[Date "2003.09.07"]
[Round "9"]
[White "De Vita, Cesare Igor"]
[Black "Biolek, Richard"]
[Result "1/2-1/2"]
[WhiteElo "2158"]
[BlackElo "2449"]
[PlyCount "54"]
[EventDate "2003.08.31"]
[EventType "swiss"]
[EventRounds "9"]
[EventCountry "ITA"]
[SourceTitle "EXT 2005"]
[Source "ChessBase"]
[SourceDate "2004.11.15"]
[SourceVersion "1"]
[SourceVersionDate "2004.11.15"]
[SourceQuality "1"]

1. d4 d5 2. c4 e6 3. Nc3 Nf6 4. cxd5 exd5 5. Bg5 Be7 6. e3 h6 7. Bh4 0-0 8. Bd3 b6 9. Nf3 Bb7 10. Rc1 Nbd7 11. 0-0 c5 12. Bb1 Ne4 13. Bxe7 Qxe7 14. dxc5 Nxc3 15. Rxc3 bxc5 16. Qc1 Rac8 17. Bf5 Rfd8 18. Qc2 Rc7 19. Rc1 Ne5 20. Nxe5 Qxe5 21. Bh3 c4 22. Rd1 Re8 23. Qd2 Rce7 24. Qd4 Qg5 25. Qg4 Qf6 26. Qd4 Qg5 27. Qg4 Qf6 1/2-1/2

[Event "Lido degli Estensi op 4th"]
[Site "Lido degli Estensi"]
[Date "2003.06.13"]
[Round "7"]
[White "De Vita, Cesare Igor"]
[Black "Popa, Claudio"]
[Result "1/2-1/2"]
[WhiteElo "2158"]
[BlackElo "2122"]
[PlyCount "136"]
[EventDate "2003.06.06"]
[EventType "swiss"]
[EventRounds "9"]
[EventCountry "ITA"]
[SourceTitle "CBM 094 Extra"]
[Source "ChessBase"]
[SourceDate "2003.07.09"]
[SourceVersion "2"]
[SourceVersionDate "2003.07.09"]
[SourceQuality "1"]

1. d4 d5 2. c4 dxc4 3. Nc3 e6 4. e4 c5 5. d5 Nf6 6. Bxc4 exd5 7. Nxd5 Nxd5 8. Bxd5 Be7 9. Nf3 0-0 10. 0-0 Qb6 11. Ne5 Be6 12. Bf4 Rd8 13. Qf3 Bxd5 14. exd5 Bf6 15. Rfd1 Bxe5 16. Bxe5 Nd7 17. Bc3 Qg6 18. a4 b6 19. Qf4 a6 20. Qc7 Qf5 21. Re1 Re8 22. Qb7 Reb8 23. Qc6 Rc8 24. Qd6 Re8 25. h3 h5 26. Qc6 Rec8 27. Qb7 Rcb8 28. Qc7 Re8 29. d6 Rec8 30. Qb7 Rcb8 31. Qc6 Rc8 32. Qe4 Qxe4 33. Rxe4 Re8 34. Rae1 Rxe4 35. Rxe4 Rd8 36. Rh4 Nf6 37. Bxf6 gxf6 38. Rxh5 Rxd6 39. a5 bxa5 40. Rxc5 Rd1+ 41. Kh2 Rd2 42. Kg3 Rxb2 43. Rxa5 Rb6 44. f4 Kg7 45. Kf3 Kg6 46. Kg4 Rc6 47. f5+ Kh6 48. Kh4 Rc4+ 49. g4 Rc6 50. Rd5 Kg7 51. Ra5 Kh6 52. Ra3 Rb6 53. Kg3 Kg5 54. h4+ Kh6 55. Kf3 Rc6 56. Ra4 Rb6 57. Kf4 Rc6 58. Ke4 Rb6 59. Kd5 Kg7 60. g5 Rb5+ 61. Ke4 fxg5 62. hxg5 a5 63. Rd4 Rb4 64. Rxb4 axb4 65. Kd4 Kf8 66. Kc4 Ke7 67. Kxb4 Kd6 68. Kc4 Ke5 1/2-1/2

[Event "Lido degli Estensi op 4th"]
[Site "Lido degli Estensi"]
[Date "2003.06.12"]
[Round "6"]
[White "Brumen, Dinko"]
[Black "De Vita, Cesare Igor"]
[Result "1-0"]
[WhiteElo "2371"]
[BlackElo "2158"]
[PlyCount "81"]
[EventDate "2003.06.06"]
[EventType "swiss"]
[EventRounds "9"]
[EventCountry "ITA"]
[SourceTitle "CBM 094 Extra"]
[Source "ChessBase"]
[SourceDate "2003.07.09"]
[SourceVersion "2"]
[SourceVersionDate "2003.07.09"]
[SourceQuality "1"]

1. d4 Nf6 2. Bg5 Ne4 3. Bf4 c5 4. f3 Qa5+ 5. c3 Nf6 6. Nd2 cxd4 7. Nb3 Qb6 8. Qxd4 Nc6 9. Qxb6 axb6 10. e4 e5 11. Be3 d5 12. 0-0-0 Be6 13. Kb1 dxe4 14. fxe4 Nxe4 15. Bxb6 Be7 16. Nf3 0-0 17. Bd3 Nf6 18. Bc2 Nd5 19. Bf2 Nf4 20. Rhg1 f5 21. Be3 Nd5 22. Bg5 e4 23. Bxe7 Ndxe7 24. Nfd4 Nxd4 25. Rxd4 Rfd8 26. a4 Rxd4 27. Nxd4 Bd5 28. g3 g6 29. b3 Nc6 30. Nb5 Rc8 31. g4 Ne7 32. c4 Bc6 33. Nd4 Kf7 34. Rf1 Kf6 35. Nxc6 Nxc6 36. gxf5 gxf5 37. Bxe4 Nd4 38. Bd3 Rg8 39. Kb2 Ke5 40. Kc3 Rg5 41. Re1+ 1-0

[Event "Lido degli Estensi op 4th"]
[Site "Lido degli Estensi"]
[Date "2003.06.10"]
[Round "4"]
[White "Manca, Federico"]
[Black "De Vita, Cesare Igor"]
[Result "1-0"]
[WhiteElo "2350"]
[BlackElo "2158"]
[PlyCount "47"]
[EventDate "2003.06.06"]
[EventType "swiss"]
[EventRounds "9"]
[EventCountry "ITA"]
[SourceTitle "CBM 094 Extra"]
[Source "ChessBase"]
[SourceDate "2003.07.09"]
[SourceVersion "2"]
[SourceVersionDate "2003.07.09"]
[SourceQuality "1"]

1. e4 e5 2. Nf3 Nc6 3. d4 exd4 4. Nxd4 Bc5 5. Nxc6 Qf6 6. Qd2 dxc6 7. Nc3 Be6 8. Na4 Rd8 9. Bd3 Bd4 10. 0-0 b5 11. c3 bxa4 12. cxd4 Qxd4 13. Rd1 Nf6 14. Qc2 Bg4 15. Qxc6+ Bd7 16. Qxc7 Ng4 17. Qg3 0-0 18. Bf4 Qxb2 19. h3 Nf6 20. Be5 Qb6 21. Bc7 Qe6 22. Bxd8 Rxd8 23. Bb5 Re8 24. Rd6 1-0

[Event "Porto San Giorgio op 14th"]
[Site "Porto San Giorgio"]
[Date "2002.08.26"]
[Round "7"]
[White "De Vita, Cesare Igor"]
[Black "Dragojlovic, Andjelko"]
[Result "1/2-1/2"]
[WhiteElo "2160"]
[BlackElo "2351"]
[PlyCount "48"]
[EventDate "2002.08.20"]
[EventType "swiss"]
[EventRounds "9"]
[EventCountry "ITA"]
[SourceTitle "CBM 089 Extra"]
[Source "ChessBase"]
[SourceDate "2002.09.10"]
[SourceVersion "2"]
[SourceVersionDate "2002.09.10"]
[SourceQuality "1"]

1. d4 Nf6 2. c4 g6 3. Nc3 d5 4. Bg5 Ne4 5. Bh4 c5 6. cxd5 Nxc3 7. bxc3 Qa5 8. Qd2 Bg7 9. e3 cxd4 10. cxd4 Qxd5 11. Nf3 Nc6 12. Be2 e5 13. dxe5 Qxd2+ 14. Kxd2 Nxe5 15. Nxe5 Bxe5 16. Bb5+ Bd7 17. Rab1 b6 18. Rbc1 f5 19. Ke2 Bd6 20. Rc6 Bxc6 21. Bxc6+ Kf7 22. Bd5+ Kg7 23. Bxa8 Rxa8 24. Rd1 Bf8 1/2-1/2

[Event "Castellaneta op 4th"]
[Site "Castellaneta"]
[Date "2000.08.30"]
[Round "3"]
[White "De Vita, Cesare Igor"]
[Black "Sibilio, Mario"]
[Result "0-1"]
[WhiteElo "2141"]
[BlackElo "2381"]
[PlyCount "70"]
[EventDate "2000.08.??"]
[EventType "swiss"]
[EventRounds "6"]
[EventCountry "ITA"]
[SourceTitle "EXT 2005"]
[Source "ChessBase"]
[SourceDate "2004.11.15"]
[SourceVersion "1"]
[SourceVersionDate "2004.11.15"]
[SourceQuality "1"]

1. Nf3 Nf6 2. g3 b5 3. Bg2 Bb7 4. d3 c5 5. 0-0 d6 6. e4 Nbd7 7. Nbd2 e6 8. Qe2 a6 9. Re1 Be7 10. a4 b4 11. Nc4 0-0 12. e5 dxe5 13. Nfxe5 Bxg2 14. Kxg2 Nxe5 15. Nxe5 Nd5 16. Nc6 Qc7 17. Nxe7+ Qxe7 18. Qe5 Rfe8 19. f4 Qd7 20. Bd2 Qc6 21. Qe4 f5 22. Qf3 c4 23. Re2 Rac8 24. Rae1 g6 25. b3 cxd3 26. cxd3 Qd6 27. Rc1 Rxc1 28. Bxc1 Nc3 29. Re1 Rd8 30. Re3 Kf7 31. Bb2 Qd4 32. h4 Rd5 33. Kh3 h5 34. Kh2 Ke7 35. Qf2 Nd1 0-1

[Event "Castellaneta op 4th"]
[Site "Castellaneta"]
[Date "2000.08.30"]
[Round "4"]
[White "Rotoni, Fabrizio"]
[Black "De Vita, Cesare Igor"]
[Result "1/2-1/2"]
[WhiteElo "2095"]
[BlackElo "2141"]
[PlyCount "60"]
[EventDate "2000.08.??"]
[EventType "swiss"]
[EventRounds "6"]
[EventCountry "ITA"]
[SourceTitle "EXT 2005"]
[Source "ChessBase"]
[SourceDate "2004.11.15"]
[SourceVersion "1"]
[SourceVersionDate "2004.11.15"]
[SourceQuality "1"]

1. d4 Nf6 2. Nf3 g6 3. Nbd2 Bg7 4. e4 d6 5. Bd3 0-0 6. 0-0 Re8 7. c3 c6 8. Qe2 e5 9. dxe5 dxe5 10. Rd1 Qc7 11. Nc4 Bg4 12. h3 Bxf3 13. Qxf3 b5 14. Ne3 Nbd7 15. Nf1 Nc5 16. Bc2 Ne6 17. g3 Red8 18. Be3 Nd7 19. a4 a6 20. Qe2 Bf8 21. h4 Bc5 22. h5 Nf6 23. Rxd8+ Rxd8 24. hxg6 hxg6 25. Bxc5 Nxc5 26. Qe3 Qe7 27. axb5 axb5 28. b4 Ne6 29. Bb3 Kg7 30. Ra6 Rd6 1/2-1/2

[Event "Porto San Giorgio op 12th"]
[Site "Porto San Giorgio"]
[Date "2000.08.20"]
[Round "1"]
[White "De Vita, Cesare Igor"]
[Black "Efimov, Igor"]
[Result "0-1"]
[WhiteElo "2141"]
[BlackElo "2520"]
[PlyCount "49"]
[EventDate "2000.08.20"]
[EventType "swiss"]
[EventRounds "9"]
[EventCountry "ITA"]
[SourceTitle "EXT 2001"]
[Source "ChessBase"]
[SourceDate "2000.11.22"]
[SourceVersion "1"]
[SourceVersionDate "2000.11.22"]
[SourceQuality "1"]

1. d4 Nf6 2. Bg5 c5 3. Bxf6 gxf6 4. d5 Qb6 5. Qc1 f5 6. e3 Bg7 7. c3 e6 8. Bc4 Na6 9. Ne2 Nc7 10. Nf4 Qd6 11. 0-0 b5 12. Bd3 c4 13. Bc2 Nxd5 14. Nxd5 Qxd5 15. Re1 Bh6 16. f4 Bb7 17. Qd2 Qc6 18. Qf2 Rg8 19. Re2 Qc5 20. g3 Qc6 21. Kf1 Bf8 22. Nd2 h5 23. Ke1 h4 24. Nf1 b4 25. Rd1 0-1

[Event "Campobasso op 6th"]
[Site "Campobasso"]
[Date "1999.09.11"]
[Round "4"]
[White "Di Gianni, Rocco"]
[Black "De Vita, Cesare Igor"]
[Result "1/2-1/2"]
[WhiteElo "2120"]
[BlackElo "2154"]
[PlyCount "126"]
[EventDate "1999.09.10"]
[EventType "swiss"]
[EventRounds "6"]
[EventCountry "ITA"]
[SourceTitle "EXT 2001"]
[Source "ChessBase"]
[SourceDate "2000.11.22"]
[SourceVersion "1"]
[SourceVersionDate "2000.11.22"]
[SourceQuality "1"]

1. e4 Nf6 2. Nc3 d6 3. d4 g6 4. Be2 c6 5. Nf3 Bg7 6. a4 a5 7. h3 0-0 8. Be3 Na6 9. 0-0 Nb4 10. Nd2 d5 11. e5 Ne8 12. Ncb1 f6 13. c3 Na6 14. exf6 exf6 15. Nf3 Nd6 16. Nbd2 Re8 17. Bf4 Nc7 18. Bd3 Ne6 19. Bg3 Bh6 20. Re1 Nf4 21. Bxf4 Bxf4 22. Qc2 Bf5 23. Bxf5 Nxf5 24. Qb3 Qd7 25. Ne4 Qf7 26. Nc5 Nd6 27. g3 Bh6 28. Kg2 Bf8 29. Nd2 Bh6 30. Nf1 Re7 31. Nh2 Rae8 32. Nf3 Nc4 33. Qc2 b6 34. Nd3 Re4 35. b3 Nd6 36. Nd2 Re2 37. Rad1 Rxe1 38. Rxe1 Rxe1 39. Nxe1 Qe6 40. Ndf3 Qe4 41. Nd3 Nf7 42. Qd1 Ng5 43. Nde1 Nxf3 44. Nxf3 Kf7 45. Kg1 Bf8 46. Ne1 Bd6 47. Ng2 f5 48. Qd2 Kg7 49. Qe1 h6 50. Qxe4 dxe4 51. Ne3 Kf6 52. Kf1 g5 53. g4 f4 54. Nf5 Bf8 55. Ke2 Ke6 56. c4 Kd7 57. Kd2 Ke6 58. Kc2 c5 59. Kc3 Kd7 60. d5 Be7 61. Nxh6 Bf6+ 62. Kd2 Kd6 63. Nf5+ Ke5 1/2-1/2

[Event "Castellaneta op 3rd"]
[Site "Castellaneta"]
[Date "1999.08.31"]
[Round "5"]
[White "De Vita, Cesare Igor"]
[Black "Ferraro, Francesco"]
[Result "1-0"]
[WhiteElo "2154"]
[BlackElo "2045"]
[PlyCount "51"]
[EventDate "1999.08.29"]
[EventType "swiss"]
[EventRounds "6"]
[EventCountry "ITA"]
[SourceTitle "EXT 2000"]
[Source "ChessBase"]
[SourceDate "1999.11.16"]
[SourceVersion "1"]
[SourceVersionDate "1999.11.16"]
[SourceQuality "1"]

1. d4 d5 2. c4 e6 3. Nc3 Nf6 4. Nf3 Be7 5. Bf4 c6 6. e3 Nbd7 7. h3 0-0 8. Bd3 dxc4 9. Bxc4 b5 10. Bd3 b4 11. Ne4 Qb6 12. Ne5 Ba6 13. Nxf6+ Nxf6 14. Bg5 Rfd8 15. Bxa6 Qxa6 16. Qe2 Qb6 17. Qf3 Rac8 18. 0-0 c5 19. Rfc1 Rd5 20. b3 Qa6 21. Bxf6 Bxf6 22. Ng4 Bg5 23. dxc5 Rdxc5 24. Rxc5 Rxc5 25. Ne5 Rd5 26. Qxf7+ 1-0

[Event "Castellaneta op 3rd"]
[Site "Castellaneta"]
[Date "1999.08.30"]
[Round "4"]
[White "Sabia, Corrado"]
[Black "De Vita, Cesare Igor"]
[Result "1/2-1/2"]
[WhiteElo "2198"]
[BlackElo "2154"]
[PlyCount "56"]
[EventDate "1999.08.29"]
[EventType "swiss"]
[EventRounds "6"]
[EventCountry "ITA"]
[SourceTitle "EXT 2000"]
[Source "ChessBase"]
[SourceDate "1999.11.16"]
[SourceVersion "1"]
[SourceVersionDate "1999.11.16"]
[SourceQuality "1"]

1. e4 Nf6 2. e5 Nd5 3. c4 Nb6 4. c5 Nd5 5. Bc4 e6 6. Nc3 Nxc3 7. dxc3 Nc6 8. Bf4 Qh4 9. g3 Qe7 10. Nf3 Qxc5 11. Qe2 h6 12. h4 b6 13. 0-0-0 Bb7 14. Kb1 0-0-0 15. Ba6 Qa5 16. Bxb7+ Kxb7 17. Qe4 d5 18. exd6 Bxd6 19. b4 Qf5 20. Qxf5 exf5 21. Bxd6 Rxd6 22. Rxd6 cxd6 23. Re1 Rc8 24. h5 Ne5 25. Nxe5 dxe5 26. Rxe5 Rxc3 27. Rxf5 Rc7 28. Rf3 f6 1/2-1/2